Countries that start with a vowel - Statistics

General Stats
  • This quiz has been taken 106 times
  • The average score is 31 of 35
Answer Stats
Answer % Correct
oman
97%
australia
96%
algeria
95%
united states of america
95%
albania
93%
andorra
93%
angola
93%
austria
93%
india
93%
united kingdom
93%
iran
92%
ethiopia
91%
iraq
91%
uruguay
91%
eritrea
90%
afghanistan
89%
ecuador
89%
estonia
89%
indonesia
89%
armenia
88%
el salvador
88%
iceland
88%
ireland
88%
azerbaijan
87%
united arab emirates
87%
argentina
86%
egypt
85%
italy
85%
uganda
85%
antigua and barbuda
84%
uzbekistan
84%
ukraine
81%
israel
75%
equatorial guinea
73%
eSwatini
64%
No matching quizzes found
Score Distribution
Percent of People with Each Score
Percentile by Number Answered
Your Score History
You have not taken this quiz